LEADER 01254nam a2200265 i 4500 001 000000134611 003 CaOOAMICUS 005 20240731094010.0 008 160824s1991 it u000 u ita u 013 $a107783 040 $aSeMil$bita 100 1 $aSabbadin, Filiberto.$0(OLS)http://semarc/name/33205 245 12$aI frati minori lombardi in Libia :$bla missione di Tripoli : 1908-1991 /$cFiliberto Sabbadin. 260 $aMilano :$bBiblioteca francescana,$c1991. 300 $a184 p. :$bill. ;$c24 cm. 490 0 $aQuaderni della Provincia Lombarda dei Frati Minori ;$vN.6 650 4$aFrancescanesimo - Lombardia.$0(OLS)http://semarc/subject/35712 650 4$aFrancescanesimo - Libia.$0(OLS)http://semarc/subject/56104 830 0$aQuaderni della Provincia Lombarda dei Frati Minori ;$vN.6.$0(OLS)http://semarc/title/13921 850 $aSeMil 852 $aSeMil$W1$xVenegono$y1$m3G VI 153$j88337$B88337$CSeMilBibl$Z2$F213688 $81 961 $aLascito: Citterio Mons. Bernardo <1908-2002> 996 $6245$aI frati minori lombardi in Libia :$bla missione di Tripoli : 1908-1991$9(OLS)http://semarc/title/196983 996 $6260$aMilano :$bBiblioteca francescana$9(OLS)http://semarc/publisher/37888 LEADER 01241nam a2200289 i 4500 001 000000194576 003 CaOOAMICUS 005 20150224000000.0 008 150224n it u000 u ita u 013 $a173235 040 $aSeMil$bita 100 1 $aTrompeo, Pietro Paolo,$d<1886-1958>.$0(OLS)http://semarc/name/6352 245 10$aDiporti italiani /$cPietro Paolo Trompeo ; con prefazione di Nello Vian. 260 $aRoma :$bPalombi,$cstampa 1984. 300 $aX, 253 p. :$b1 ritr. ;$c21 cm. 490 0 $aQuaderni dell'Accademia dell'Arcadia ;$v7 500 $aFondo card. Giovanni Colombo. 650 4$aLetteratura italiana - Sec. 19.-20.$0(OLS)http://semarc/subject/13603 650 4$aLetteratura italiana - Sec. 16.-19.$0(OLS)http://semarc/subject/5067 700 1 $aVian, Nello,$d<1907-2000>.$0(OLS)http://semarc/name/4389 830 0$aQuaderni dell'Accademia dell'Arcadia ;$v7.$0(OLS)http://semarc/title/19898 850 $aSeMil 852 $aSeMil$W1$xVenegono$y1$m3GC V 158$j145147$B145147$CSeMilBibl$Z2$F156666 $8B 941 1 $a3 961 $aLascito: Colombo Card. Giovanni 996 $6245$aDiporti italiani$9(OLS)http://semarc/title/280577 996 $6260$aRoma :$bPalombi$9(OLS)http://semarc/publisher/38922